| 000 | 00996nam a2200289 a 4500 | ||
|---|---|---|---|
| 001 | 000013558 | ||
| 005 | 20260317092750.0 | ||
| 008 | 091125s2005 dr 001 0 spa d | ||
| 020 | _a999349531X | ||
| 040 |
_aDO-SdBNP _bspa _cBNPHU |
||
| 082 |
_a345.05042 _bM425a |
||
| 100 | 1 |
_aMata Amaya, José de la _930889 |
|
| 245 | 1 | 3 |
_aLa acción penal / _cJosé de la Mata Amaya. |
| 260 |
_aSanto Domingo : _aGaceta Judicial, _c2005 _fCentenario |
||
| 300 |
_a225 p. ; _c26 cm. |
||
| 490 | 1 | _aMonografías | |
| 505 | 0 |
_tLa acción penal -- _tAceleración y sustitución del proceso -- _tLa acción civil. |
|
| 590 | _aInventariado,2018/DG | ||
| 650 | 0 |
_aAcción y defensa (Derecho) _917062 |
|
| 650 | 0 |
_aDerecho procesal _9555 |
|
| 650 | 0 |
_aProcedimiento penal _9554 |
|
| 650 | 4 |
_aAcción civil _930890 |
|
| 650 | 0 |
_aDefensa (Procedimiento penal) _917063 |
|
| 650 | 4 |
_aAcción del estado (derechos civiles) _930891 |
|
| 830 | 0 |
_aMonografías _915334 |
|
| 910 | _aValidado. Control de calidad EMS | ||
| 999 |
_c13180 _d13180 |
||